<?xml version="1.0" encoding="UTF-8"?><?xml-stylesheet type="text/xsl" href="static/style.xsl"?><OAI-PMH xmlns="http://www.openarchives.org/OAI/2.0/" xmlns:xsi="http://www.w3.org/2001/XMLSchema-instance" xsi:schemaLocation="http://www.openarchives.org/OAI/2.0/ http://www.openarchives.org/OAI/2.0/OAI-PMH.xsd"><responseDate>2026-04-14T13:01:58Z</responseDate><request verb="GetRecord" identifier="oai:uvadoc.uva.es:10324/20009" metadataPrefix="marc">https://uvadoc.uva.es/oai/request</request><GetRecord><record><header><identifier>oai:uvadoc.uva.es:10324/20009</identifier><datestamp>2021-06-18T06:37:24Z</datestamp><setSpec>com_10324_38</setSpec><setSpec>col_10324_787</setSpec></header><metadata><record xmlns="http://www.loc.gov/MARC21/slim" xmlns:doc="http://www.lyncode.com/xoai" xmlns:xsi="http://www.w3.org/2001/XMLSchema-instance" xmlns:dcterms="http://purl.org/dc/terms/" xsi:schemaLocation="http://www.loc.gov/MARC21/slim http://www.loc.gov/standards/marcxml/schema/MARC21slim.xsd">
<leader>00925njm 22002777a 4500</leader>
<datafield tag="042" ind1=" " ind2=" ">
<subfield code="a">dc</subfield>
</datafield>
<datafield tag="720" ind1=" " ind2=" ">
<subfield code="a">Botrán Herrero, Tamara</subfield>
<subfield code="e">author</subfield>
</datafield>
<datafield tag="260" ind1=" " ind2=" ">
<subfield code="c">2016</subfield>
</datafield>
<datafield tag="520" ind1=" " ind2=" ">
<subfield code="a">El presente trabajo refleja las prácticas realizadas en el centro de Michelin Valladolid&#xd;
del período comprendido entre Marzo hasta Agosto de 2016 en el área de PLE/&#xd;
Renovado actualizando Dossiers de Prevención de Puesto.&#xd;
Michelin tiene como pilar de la empresa la Prevención de Riesgos, Seguridad y Salud&#xd;
de todos los trabajadores y la protección de Patrimonio y Medio Ambiente.&#xd;
Todo ello deriva a un fin, el de lograr una mejora continua en la Seguridad y Salud de&#xd;
sus trabajadores; para ello, se realizan periódicamente actualizaciones de Dossiers de&#xd;
Prevención de Puesto para identificar, evaluar y actuar ante los riesgos además de&#xd;
una formación e información continua a sus trabajadores en temas de seguridad.</subfield>
</datafield>
<datafield tag="024" ind2=" " ind1="8">
<subfield code="a">http://uvadoc.uva.es/handle/10324/20009</subfield>
</datafield>
<datafield ind1=" " ind2=" " tag="653">
<subfield code="a">Seguridad en el trabajo</subfield>
</datafield>
<datafield tag="245" ind1="0" ind2="0">
<subfield code="a">Actualización Dossiers de Prevención en PLE/ Renovado</subfield>
</datafield>
</record></metadata></record></GetRecord></OAI-PMH>